Gaming Quiz

Random Gaming or Console Quiz

Best Gamecube games Quiz Stats

 Plays Quiz not verified by Sporcle

Challenge
Share
Tweet
Embed
Score 0/50 Timer 10:00
0 Plays Today
Ranking Game % Correct
4Super Smash Bros Melee
94.6%
17Super Mario Sunshine
90.3%
2Metroid Prime
87.1%
1The Legend of Zelda: The Wind Waker
84.9%
15Metroid Prime 2: Echoes
79.6%
18Resident Evil
79.6%
3Resident Evil 4
77.4%
5The Legend of Zelda: Twilight Princess
77.4%
22Luigi's Mansion
73.1%
20Mario Kart: Double Dash
72%
7Star Wars Rogue Leader
67.7%
28Pikmin
66.7%
10Eternal Darkness: Sanity's Requiem
65.6%
13Pikmin 2
65.6%
37Star Fox Adventures
63.4%
39Mario Party 4
62.4%
12Paper Mario: The Thousand Year Door
60.2%
42Star Fox Assault
57%
14Metal Gear Solid: The Twin Snakes
55.9%
16Viewtiful Joe
55.9%
45Kirby Air Ride
55.9%
21Tales of Symphonia
54.8%
8Soulcalibur II
53.8%
9Animal Crossing
51.6%
11F-Zero Gx
50.5%
Ranking Game % Correct
25Ikaruga
50.5%
19Super Monkey Ball
48.4%
44Mario Golf: Toadstool Tour
48.4%
6Prince of Persia: The Sands of Time
46.2%
23Fire Emblem: Path of Radiance
46.2%
41Resident Evil Zero
46.2%
47Final Fantasy Crystal Chronicles
46.2%
26Beyond Good and Evil
45.2%
27Super Mario Strikers
44.1%
29Skies of Arcadia Legends
44.1%
30Baten Kaitos: Eternal Wings and the Lost Ocean
44.1%
34Mario Power Tennis
43%
31Donkey Kong Jungle Beat
41.9%
40Pokemon XD: Gale of Darkness
41.9%
32Killer7
39.8%
24Timesplitters: Future Perfect
37.6%
33Wave Race: Blue Storm
36.6%
50Geist
32.3%
36Chibi Robo
30.1%
38Battalion Wars
29%
46Billy Hatcher and the Giant Egg
28%
49WarioWare: Mega Party Game$
26.9%
43SSX 3
23.7%
35P.N. 03
19.4%
48Pac-Man Vs
10.8%

You're not logged in!

Compare scores with friends on all Sporcle quizzes.
Join for Free
OR
Log In

You Might Also Like...

Show Comments

Extras

Created Sep 18, 2014SourceReportNominate
Tags:Console Quiz, gamecube

Top Quizzes Today


Score Distribution

Your Account Isn't Verified!

In order to create a playlist on Sporcle, you need to verify the email address you used during registration. Go to your Sporcle Settings to finish the process.

Report this User

Report this user for behavior that violates our Community Guidelines.

Details: